|
|
|
|
| LEADER |
01370nam a2200433 a 4500 |
| 001 |
000632211 |
| 003 |
CZ BrMZK |
| 005 |
20071219085503.0 |
| 007 |
ta |
| 008 |
021022s2002 xr e e cze d |
| 015 |
|
|
|a cnb001189524
|
| 020 |
|
|
|a 80-7319-017-6
|
| 020 |
|
|
|a 80-7035-230-2
|
| 035 |
|
|
|a (OCoLC)53272339
|
| 040 |
|
|
|a BOA001
|b cze
|
| 072 |
|
7 |
|a 7.01/.09
|x Umění
|2 Konspekt
|9 21
|
| 080 |
|
|
|a 7.01
|2 MRF
|
| 080 |
|
|
|a 7.071.5
|2 MRF
|
| 080 |
|
|
|a 72/76:069
|2 MRF
|
| 080 |
|
|
|a 7.036/.038
|2 MRF
|
| 080 |
|
|
|a (0:82-4)
|2 MRF
|
| 080 |
|
|
|a (081)
|2 MRF
|
| 100 |
1 |
|
|a Knížák, Milan,
|d 1940-
|7 jk01060827
|4 aut
|
| 245 |
1 |
0 |
|a Vedle umění :
|b 1996-2001 /
|c Milan Knížák
|
| 250 |
|
|
|a Vyd. 1.
|
| 260 |
|
|
|a Praha :
|b Nakladatelství H & H Vyšehradská,
|c 2002
|
| 300 |
|
|
|a 112 s., 37 s. barev. obr. příl. ;
|c 21 cm
|
| 490 |
1 |
|
|a Kontinuum
|
| 504 |
|
|
|a Obsahuje bibliografii
|
| 650 |
0 |
7 |
|a filozofie umění
|7 ph120229
|2 czenas
|
| 650 |
0 |
7 |
|a prezentace uměleckého díla
|7 ph162888
|2 czenas
|
| 650 |
0 |
7 |
|a muzea umění
|7 ph123050
|2 czenas
|
| 650 |
0 |
7 |
|a moderní umění
|7 ph115340
|2 czenas
|
| 655 |
|
7 |
|a úvahy
|7 fd134000
|2 czenas
|
| 655 |
|
7 |
|a sborníky
|7 fd163935
|2 czenas
|
| 830 |
|
0 |
|a Kontinuum
|0 s
|
| 910 |
|
|
|a BOA001
|b 2-1109.076
|
| 990 |
|
|
|a BK
|
| 996 |
6 |
|
|b 2610173059
|c 2-1109.076
|l MZK
|r Sklad / do 1 hodiny
|n 1
|p p.v.
|w 000632211
|u 000010
|a 1
|e BOA001
|j MZK50
|s P
|